000 00318nam a22001337a 4500
008 170630b xxu||||| |||| 00| 0 eng d
020 _a9781563050510
041 _aeng
080 _a82
100 _a22
101 _aGJL
245 _aTHE NPR GUIDE TO BUILDING A CLASSICAL CD COLLECTION
_cLIBBEY,T
942 _2udc
_cBK
999 _c19725
_d19725